Thơ Xuân Quỳnh và những lời bình
Sparad:
| Materialtyp: | Bok |
|---|---|
| Språk: | Undetermined |
| Publicerad: |
Hà Nội
Văn hóa Thông tin
2000
|
| Ämnen: | |
| Taggar: |
Lägg till en tagg
Inga taggar, Lägg till första taggen!
|
| Thư viện lưu trữ: | Trung tâm Học liệu Trường Đại học Cần Thơ |
|---|
| LEADER | 00591nam a2200181Ia 4500 | ||
|---|---|---|---|
| 001 | CTU_36432 | ||
| 008 | 210402s9999 xx 000 0 und d | ||
| 082 | |a 895.9221009 | ||
| 082 | |b Th460 | ||
| 245 | 0 | |a Thơ Xuân Quỳnh và những lời bình | |
| 245 | 0 | |c Vũ Thị Kim Xuyến tuyển chọn và biên soạn | |
| 260 | |a Hà Nội | ||
| 260 | |b Văn hóa Thông tin | ||
| 260 | |c 2000 | ||
| 650 | |a Vietnamese literature,Vietnamese poetry | ||
| 650 | |x History and criticism | ||
| 650 | |y 20th century | ||
| 980 | |a Trung tâm Học liệu Trường Đại học Cần Thơ | ||